Colorants and Auxiliaries Organic Chemistry and Application Properties · Volume 1 (Record no. 4524)

MARC details
000 -LEADER
fixed length control field 00413nam a2200145Ia 4500
008 - FIXED-LENGTH DATA ELEMENTS--GENERAL INFORMATION
fixed length control field 191201s2002 xx 000 0 und d
082 ## - DEWEY DECIMAL CLASSIFICATION NUMBER
Classification number 677.027
Item number SHC
100 ## - MAIN ENTRY--PERSONAL NAME
Personal name SHORE,John
245 #0 - TITLE STATEMENT
Title Colorants and Auxiliaries Organic Chemistry and Application Properties · Volume 1
250 ## - EDITION STATEMENT
Edition statement 2nd
260 ## - PUBLICATION, DISTRIBUTION, ETC. (IMPRINT)
Place of publication, distribution, etc Society of Dyers U.K
Name of publisher, distributor, etc Society of Dyers
Date of publication, distribution, etc 2002
300 ## - PHYSICAL DESCRIPTION
Extent 469
650 ## - SUBJECT ADDED ENTRY--TOPICAL TERM
Topical term or geographic name as entry element B.Tech(TE)
942 ## - ADDED ENTRY ELEMENTS (KOHA)
Source of classification or shelving scheme Dewey Decimal Classification
Koha item type Text Books
Holdings
Withdrawn status Lost status Source of classification or shelving scheme Damaged status Not for loan Collection code Home library Current library Date acquired Source of acquisition Cost, normal purchase price Serial Enumeration / chronologySerial Enumeration / Volume No. Bill Number Total Checkouts Full call number Acc. no. / Barcode Date last seen Bill Date Koha item type
    Dewey Decimal Classification     B.Tech(TE) PIET C-LIBRARY PIET C-LIBRARY 06/05/2010 Indian International Text Book 9211.00 I 1284   677.027 SHC 15408 04/12/2019 19/02/2010 Text Books
    Dewey Decimal Classification     B.Tech(TE) PIET C-LIBRARY PIET C-LIBRARY 06/05/2010 Indian International Text Book 9211.00 I 1284   677.027 SHC 15409 04/12/2019 19/02/2010 Text Books
    Dewey Decimal Classification     B.Tech(TE) PIET C-LIBRARY PIET C-LIBRARY 06/05/2010 Indian International Text Book 9211.00 II 1284     15410 04/12/2019 19/02/2010 Text Books
    Dewey Decimal Classification     B.Tech(TE) PIET C-LIBRARY PIET C-LIBRARY 06/05/2010 Indian International Text Book 9211.00 II 1284     15411 04/12/2019 19/02/2010 Text Books

Design & Developed by: PIET Central Library
R70 Miles Stone Pattikalyana Samalkha Panipat 132102
mail ID :- [email protected], Phone No:- 0180-2569700 Ex.216